AH International Schools' Libraries

One Ted falls out of bed / (Record no. 27108)

MARC details
000 -LEADER
fixed length control field 01072cam a2200313 i 4500
001 - CONTROL NUMBER
control field 000044115247
003 - CONTROL NUMBER IDENTIFIER
control field CaOOAMICUS
005 - DATE AND TIME OF LATEST TRANSACTION
control field 20190110144921.0
008 - FIXED-LENGTH DATA ELEMENTS--GENERAL INFORMATION
fixed length control field 120319r20122004enka j 000 f eng d
020 ## - INTERNATIONAL STANDARD BOOK NUMBER
International Standard Book Number 9781447209959
Qualifying information hbk.
020 ## - INTERNATIONAL STANDARD BOOK NUMBER
International Standard Book Number 1447209958
Qualifying information hbk.
040 ## - CATALOGING SOURCE
Original cataloging agency CaBVIV
Language of cataloging eng
Description conventions rda
050 #4 - LIBRARY OF CONGRESS CALL NUMBER
Classification number PZ8.3.D7235
Item number One 2012
082 04 - DEWEY DECIMAL CLASSIFICATION NUMBER
Classification number 823.92
Edition number 23
100 1# - MAIN ENTRY--PERSONAL NAME
Personal name Donaldson, Julia,
Relator term author.
9 (RLIN) 45441
245 10 - TITLE STATEMENT
Title One Ted falls out of bed /
Statement of responsibility, etc Julia Donaldson ; illustrated by Anna Currey.
260 ## - PUBLICATION, DISTRIBUTION, ETC. (IMPRINT)
Place of publication, distribution, etc [S.l. :
Name of publisher, distributor, etc s.n.]
300 ## - PHYSICAL DESCRIPTION
Extent 24 unnumbered pages :
Other physical details chiefly color illustrations ;
Dimensions 19 cm
500 ## - GENERAL NOTE
General note Originally published: 2004.
500 ## - GENERAL NOTE
General note Cover title.
500 ## - GENERAL NOTE
General note Board book.
520 0# - SUMMARY, ETC.
Summary, etc Count with Ted from one to ten as he goes on an amazing night-time adventure.
650 #0 - SUBJECT ADDED ENTRY--TOPICAL TERM
Topical term or geographic name as entry element Teddy bears
Form subdivision Juvenile fiction.
9 (RLIN) 65190
650 #0 - SUBJECT ADDED ENTRY--TOPICAL TERM
Topical term or geographic name as entry element Counting
Form subdivision Pictorial works
-- Juvenile fiction.
9 (RLIN) 62003
655 #0 - INDEX TERM--GENRE/FORM
Genre/form data or focus term Board books.
9 (RLIN) 33579
700 1# - ADDED ENTRY--PERSONAL NAME
Personal name Currey, Anna,
Relator term illustrator.
9 (RLIN) 64436
942 ## - ADDED ENTRY ELEMENTS (KOHA)
Source of classification or shelving scheme
Holdings
Withdrawn status Lost status Source of classification or shelving scheme Damaged status Not for loan Home library Current library Date acquired Total Checkouts Full call number Barcode Date last seen Date checked out Price effective from Koha item type
          Asian Hope Primary Library Asian Hope Primary Library 06/05/2013 29 E DON 195579 01/13/2026 12/02/2025 06/05/2013 Book
          Logos International School Logos International School 11/12/2025   E DON 041947 11/14/2025   11/12/2025 Book

For any Logos Library related questions please contact Miss Art at swongnarasuk@asianhope.org.

For any Asian Hope Library related questions please contact Miss Raza at graza@asianhope.org.

Click here to explore our ebooks!

Powered by Koha